000 00595nam a2200241Ia 4500
003 OSt
005 20230406100045.0
008 210423s2009 xx 000 0 und d
020 _a97888130908632
040 _cAL
041 _aeng
082 _a338.5 VARH
_223
100 _aVARIAN (Hal R)
_984016
245 _aMicroeconomic analysis
250 _a3
260 _aNew Delhi
_bViva Books Pvt Ltd
_c2009
300 _axv,506,A42
_bPB
365 _b395
_cINR
650 _aEconomics
_984017
650 _aMicroeconomics
_984018
906 _aanalysis ; Microeconomic
942 _2ddc
_cBK
999 _c158806
_d158806